Arderá el viento /

Bewaard in:
Bibliografische gegevens
Hoofdauteur: Saccomanno, Guillermo (autor)
Formaat: Boek
Taal:Spaans
Gepubliceerd in: México : Alfaguara, 2025, c2025
Reeks:(Narrativa Hispánica)
Onderwerpen:
Tags: Voeg label toe
Geen labels, Wees de eerste die dit record labelt!

MARC

LEADER 00000nam^a2200000^a^4500
001 000622054
005 20251002000000.0
009 20260310133911.342
020 |a 978-607-385-855-7 
037 |a Acervo ITESO - Biblioteca 
041 |a ESP 
082 |a 863.  |b SAC 
100 |a Saccomanno, Guillermo  |e (autor) 
245 1 0 |a Arderá el viento /  |c G. Saccomanno. 
264 4 |a México :  |b Alfaguara,  |c 2025, c2025 
300 |a 235 p. 
336 |a texto  |b txt  |2 rdacontenido 
337 |a sin mediación  |b n  |2 rdamedio 
338 |a volumen  |b nc  |2 rdasoporte 
440 1 |a (Narrativa Hispánica) 
649 |a XX 
650 |a Familia en la Literatura 
650 |a Novela Argentina 
650 |a Literatura Argentina -  |y Siglo XXI 
910 |a Fondo General 
920 |a Impresos - Libros 
930 |a Colección General 
940 |a Literatura 
905 |a 101 
901 |a 622242-10  |b IT1  |c LIT  |i C190649  |u 20251002 
902 |a https://opac.biblio.iteso.mx/vufind/Record/000622054